|
|
|
|
| LEADER |
00000cam a2200000 7i4500 |
| 001 |
0000002814 |
| 002 |
000003045 |
| 005 |
20000330.0 |
| 020 |
|
|
|a 9679910253
|
| 090 |
0 |
0 |
|a 634.98095953
|b TIT
|
| 100 |
0 |
|
|a Ti Teow Chuan
|
| 245 |
1 |
0 |
|a Cultivated and potential forest plantation tree species :
|b with special reference to Sabah
|c Ti CheowChuan and Wilfred M. Tangau
|
| 260 |
|
|
|a Sabah :
|b Institute for Development Studies (Sabah) ,
|c 1991
|
| 300 |
|
|
|a 100p. ;
|c 22cm.
|
| 650 |
0 |
0 |
|a Forestry
|z Sabah
|
| 650 |
0 |
0 |
|a Plants, Cultivated
|z Sabah
|
| 650 |
0 |
0 |
|a Tree farms
|z Sabah
|
| 999 |
|
|
|a 036418
|b BUKU
|c MALAYSIANA
|e PERPUSTAKAAN KOMUNITI PETALING JAYA
|
| 999 |
|
|
|a 936418
|b BUKU
|c MALAYSIANA
|e PERPUSTAKAAN KOMUNITI PETALING JAYA
|